Bhagavatham (kuttikalku) (Record no. 106501)

MARC details
000 -LEADER
fixed length control field 00369nam a2200133Ia 4500
008 - FIXED-LENGTH DATA ELEMENTS--GENERAL INFORMATION
fixed length control field 211119s9999||||xx |||||||||||||| ||und||
082 ## - DEWEY DECIMAL CLASSIFICATION NUMBER
Classification number 294
Item number JAC-B
100 ## - MAIN ENTRY--PERSONAL NAME
Personal name Jacob, Koickal K
245 #0 - TITLE STATEMENT
Title Bhagavatham (kuttikalku)
260 ## - PUBLICATION, DISTRIBUTION, ETC.
Name of publisher, distributor, etc. Poornodaya Book Trust
Place of publication, distribution, etc. Kochi
Date of publication, distribution, etc. 1997
300 ## - PHYSICAL DESCRIPTION
Extent 87p
650 ## - SUBJECT ADDED ENTRY--TOPICAL TERM
Topical term or geographic name entry element religion
942 ## - ADDED ENTRY ELEMENTS (KOHA)
Koha item type BOOK
650 ## - SUBJECT ADDED ENTRY--TOPICAL TERM
Form subdivision HinduismEconomics
General subdivision PGR-GANDHIAN STUDIES
Holdings
Withdrawn status Lost status Damaged status Not for loan Home library Current library Date acquired Cost, normal purchase price Total Checkouts Full call number Barcode Shelving location Date last seen Price effective from Koha item type
        SB LIBRARY SB LIBRARY 19/11/2021 30.00   294 JAC-B 00119901 PGR-GANDHIAN STUDIES 19/11/2021 19/11/2021 BOOK

Powered by Koha